00374cam a2200157ua 450000100060000000800390000602000180004504000090006308200100007210000260008224500190010825000120012726000510013930000100019065300160020010568190316n ii |||gr||||Z||||||eng a9789386846624 cMAIN a307.7 aM K Kashyap,eAuthor. aRural sociolgy a1st ed. aNew Delhi:bEmpire books international,c2018. a272p. aCommunities